| 000 | 00551nam a2200145Ia 4500 | ||
|---|---|---|---|
| 008 | 151213s9999 xx 000 0 und d | ||
| 100 | _aআজহার উদ্দীন খান। | ||
| 245 |
_aমাঘ নিশিথের কোকিল।ণ _cআজহার উদ্দীন খান। |
||
| 260 |
_aকোলকাতা। _bশ্রীতপনকুমার ঘোষ। _c1986 |
||
| 300 | _a8652 p. | ||
| 650 | _aBangla | ||
| 650 | _aগল্প। | ||
| 700 | _aআজহার উদ্দীন খান। | ||
| 999 |
_c4439 _d4439 |
||